Tìm hiểu truyện cười Việt Nam

Zapisane w:
Opis bibliograficzny
1. autor: Triều Nguyên
Format: Książka
Język:Undetermined
Wydane: Hà Nội Lao động 2011
Hasła przedmiotowe:
Etykiety: Dodaj etykietę
Nie ma etykietki, Dołącz pierwszą etykiete!
Thư viện lưu trữ: Trung tâm Học liệu Trường Đại học Cần Thơ
LEADER 00625nam a2200193Ia 4500
001 CTU_170625
008 210402s9999 xx 000 0 und d
082 |a 895.9227 
082 |b Tr309 
100 |a Triều Nguyên 
245 0 |a Tìm hiểu truyện cười Việt Nam 
245 0 |c Triều Nguyên 
260 |a Hà Nội 
260 |b Lao động 
260 |c 2011 
650 |a Humorous stories, Vietnam,Truyện cười Việt Nam 
650 |x History and criticism,Lịch sử và phê bình 
904 |i Trọng Hải 
980 |a Trung tâm Học liệu Trường Đại học Cần Thơ